Responses for Show #5662 - Tuesday, March 31, 2009

Contestants

[<< previous game]

Adam Pan, a graduate student originally from Amarillo, Texas

Heather Menzel, a high school history teacher from South Fork, North Carolina

Anne Reilly, a stay-at-home mom from Stow, Massachusetts (whose 1-day cash winnings total $21,200)

[next game >>]

Jeopardy! Round responses

IN THE STATE CAPITAL
(Alex: In each clue, there will be a word in quotes. That word will be part of the correct response.)
TRICKY STUPID ANSWERS
AN "O'" CATEGORY
(Alex: Each correct response will have an "O" and an apostrophe.)
GEMS & JEWELRY
MAYBE WE'LL INVADE BRITAIN!
THAT'S NOT CRICKET
    $200 6
Springfield

Adam
    $200 8
Will & Grace

Adam
    $200 1
a cat-o'-nine-tails

Anne
    $200 22
a bracelet

Anne
    $200 12
France

Adam
    $200 17
a moth

Heather
    $400 7
Sacramento

Anne
    $400 10
(Anne: What is CSI: Miami?)

Dexter

Anne
Triple Stumper
    $400 2
tam-o'-shanter

Anne
    $400 23
an emerald

Adam
    $400 13
the Spanish Armada

Adam
    $400 18
a wasp

Adam
    $600 9
(Anne: What is Salem?)

Raleigh

AnneHeather
    $600 11
Silent Spring

Anne
    $600 3
Potatoes O'Brien

Triple Stumper
    $600 24
a pearl

Anne
    $600 14
Julius Caesar

Anne
    $600 19
a beetle

Heather
    $800 27
[The end-of-round signal sounds.]

Dan Patrick

Triple Stumper
    $800 4
five o'clock shadow

Heather
    $1,500 25
(Anne: What is tiara?)

brooch

Anne
    $800 15
the Luftwaffe

Adam
    $800 20
(Heather: What is a praying mantis?)

a walking stick insect (stick insect accepted)

HeatherAdam
    $1000 5
will-o'-the-wisp

Adam
    $1000 26
(Adam: What is an opal?)

topaz

AnneAdam
    $1000 16
Holland

Anne
    $1000 21
a katydid

Triple Stumper

Scores at the first commercial break (after clue 15):

Anne Heather Adam
$1,200 $1,400 $2,800

Scores at the end of the Jeopardy! Round:

Anne Heather Adam
$2,500 $1,400 $3,400

Double Jeopardy! Round responses

HEALTH & MEDICINE
FISHY SPORTSMEN
BOOKS & AUTHORS
SIGNIFICANT MOTHERS
SPANISH TO ENGLISH
THAT'S CRICKET
    $400 1
the Pap test

Anne
    $400 11
(Adam: Who is Mattingly?)

Jim "Catfish" Hunter

Adam
Triple Stumper
    $400 2
plagiarism

Anne
    $400 13
Hillary Clinton

Adam
    $400 17
the brain

Adam
    $400 26
the United States

Adam
    $800 7
the knee

Heather
    $800 12
Tuna

Adam
    $800 3
Erica Jong

Anne
    $800 14
Marie Curie

Anne
    $800 18
a kitchen

Anne
    $800 27
11

Anne
    $1200 8
scoliosis

Heather
    $1200 23
(Steve) Trout

Heather
    $1200 4
The Neverending Story

Heather
    $1200 15
(Winston) Churchill

Adam
    $1200 19
One Hundred Years of Solitude

Anne
    $1200 28
(Adam: What is Britain?)
...
[The end-of-round signal sounds.]

Australia

HeatherAdam
    $3,000 9
autism

Heather
    $1600 24
(Anne: Who is Garnett?)

Ray Allen

Anne
Triple Stumper
    $1600 5
He's Just Not That Into You

Adam
    $1600 16
Queen Isabella of Spain

Triple Stumper
    $1600 20
lead

Adam
    $2000 10
an echocardiogram

Triple Stumper
    $2000 25
The Shark

Heather
    $2000 6
Chuck Palahniuk

Heather
    $2000 22
(Anne: Who is Monica?)

Saint Helena

Anne
Triple Stumper
    $2000 21
Think before you speak

Heather

Scores at the end of the Double Jeopardy! Round:

Anne Heather Adam
$4,100 $16,000 $8,200

[wagering suggestions for these scores]

Final Jeopardy! Round responses

STORY INSPIRATIONS
(Alex: It was a good film, starred Robert Redford.)
AnneWhat is The Natural?
$4,100
AdamWhat is Cocktail?
$5,000
HeatherWhat is ?
$401
The Natural

Final scores:

Anne Heather Adam
$8,200 $15,599 $3,200
2nd place: $2,000 New champion: $15,599 3rd place: $1,000

Game dynamics:

Coryat scores:

Anne Heather Adam
$5,600 $14,600 $8,200
16 R,
5 W
(including 1 DD)
13 R
(including 1 DD),
1 W
16 R,
3 W

Combined Coryat: $28,400

[game clues] [game scores] [suggest correction]

Game tape date: 2009-01-28
The J! Archive is created by fans, for fans. Scraping, republication, monetization, and malicious use prohibited; this site may use cookies and collect identifying information. See terms. The Jeopardy! game show and all elements thereof, including but not limited to copyright and trademark thereto, are the property of Jeopardy Productions, Inc. and are protected under law. This website is not affiliated with, sponsored by, or operated by Jeopardy Productions, Inc. Join the discussion at JBoard.tv.